00394cam a22001217a 4500008004000000082001800040245008200058260005200140300001000192440002600202650002300228700002100251180718b1996 xxu||||| |||| 00| 0 eng d aB1243x54 An81 aReadings on minorities: perspectives and documentscedited by Iqbal A. Ansari aNew DelhibInstitute of Objective Studiesc1996 a381p. aReading on Minorities aMinorities - India aAnsari, Iqbal A.